Introduction to the Constitution of India (Record no. 59300)

MARC details
000 -LEADER
fixed length control field 00428nam a2200169Ia 4500
008 - FIXED-LENGTH DATA ELEMENTS--GENERAL INFORMATION
fixed length control field 230524s9999 xx 000 0 und d
020 ## - INTERNATIONAL STANDARD BOOK NUMBER
ISBN 9789351434467
082 ## - DEWEY DECIMAL CLASSIFICATION NUMBER
Classification number 342.54029
Item number BAS
100 ## - MAIN ENTRY--AUTHOR NAME
Personal name Durga Das Basu
245 #0 - TITLE STATEMENT
Title Introduction to the Constitution of India
250 ## - EDITION STATEMENT
Edition statement 22
260 ## - PUBLICATION, DISTRIBUTION, ETC. (IMPRINT)
Name of publisher LexisNexis
Year of publication 2015
300 ## - PHYSICAL DESCRIPTION
Number of Pages "xxix,554p;"
500 ## - GENERAL NOTE
General note Quantity Number: 1
650 ## - SUBJECT ADDED ENTRY--TOPICAL TERM
Topical Term LAW
942 ## - ADDED ENTRY ELEMENTS (KOHA)
Koha item type Books
Holdings
Lost status Damaged status Permanent Location Current Location Shelving location Date acquired Full call number Accession Number Koha item type
    Central Library, Trident Academy of Technology Central Library, Trident Academy of Technology General Stacks 05/24/2023 342.54029 BAS 56747 Books
Trident Academy of Technology © 2023.
All rights reserved.                                                                                                                                                                                                        Designed by Team of Central Library .

Powered by Koha